La contribución de la escuela de Chicago a la sociología norteamericana (Registro nro. 27082)
[ vista simple ]
| 000 -LEADER | |
|---|---|
| fixed length control field | 00378 a2200109 4500 |
| 001 - CONTROL NUMBER | |
| control field | ART_13763 |
| 005 - DATE AND TIME OF LATEST TRANSACTION | |
| control field | 20260410161914.0 |
| 008 - FIXED-LENGTH DATA ELEMENTS--GENERAL INFORMATION | |
| fixed length control field | 260409a |
| 100 1# - MAIN ENTRY--PERSONAL NAME | |
| Personal name | Forni, Floreal H. |
| 245 10 - TITLE STATEMENT | |
| Title | La contribución de la escuela de Chicago a la sociología norteamericana |
| 773 0# - HOST ITEM ENTRY | |
| Title | Revista Paraguaya de Sociología |
| Related parts | - Año 19, Nº 55 (sep./dic. 1982) |
| Record control number | REV13424 |
No hay ítems disponibles.